000
00329 a2200157 4500
001
185247
020
_a
978-85-60655-05-2
040
_c
Magnum
100
_a
Sant´anna, Eliana
240
1
0
_a
Xô mosquito i
_l
por
245
1
0
_a
Xô mosquito i
300
_a
30
362
0
_a
2009
697
_a
LITERATURA INFANTO
942
_c
BK
999
_c
185247
_d
185247